000 01164nji a22002897a 4500
005 20100921105736.0
006 a|||||r|||||00| 0
007 sd ammalaaahaa
008 100830t xxu||||| |||| 00| 0 eng d
028 _aECLP.5887
_bHis Master's Voice
035 _aGR-07087
040 _aSED
_cSED
100 _917455
_aMangeshkar, Lata
245 _aChitralekha /
_csung by Lata Mangeshkar; music by Roshan; lyric by Sahir
_h[sound recording] :
246 _aचित्रलेखा / लता मंगेशकर द्वारा
260 _aDum Dum, India
_bHis Master's Voice
_c1983
300 _a1 sound disc [Gramophone Recording]:
_banalog, 33 1/3 rpm
_c12.5 in. (LP)
_fGramophone Record
500 _aBrief Record
500 _aRecord labels : His Master's Voice, Red
505 _aSide-1 Sansar se bhage phirte ho (Lata Mangeshkar) -- Side-2 Mara gaya brahmachari (Manna Dey)
600 _aLata, Mangeshkar
_920872
650 _aFilm Songs
_zIndia
_91186
_xExcerpts
700 _aRoshan
_920873
700 _aSahir
_920874
942 _2ddc
_cGR
999 _c47146
_d47146